| 000 | 00593nam a2200181 i 4500 | ||
|---|---|---|---|
| 001 | 88549 | ||
| 003 | ES-MaACL | ||
| 005 | 20230906175859.0 | ||
| 007 | t| | ||
| 008 | 050104s1969 sp ||||1| spa d | ||
| 100 | 1 |
_aLamas Carvajal, Valentín. _969780 |
|
| 245 | 1 | 0 |
_aCatecismo de la doctrina labriega / _cpor Marcos de Portela (seud.) ; y traducido al castellano por Carlos Martínez y Gabriel Aresti. |
| 260 |
_a[Bilbao : _bs.n., _c1969] |
||
| 300 |
_a75 p. ; _c19 cm. |
||
| 700 | 1 |
_aMartínez, Carlos. _977724 |
|
| 700 | 1 |
_aAresti, Gabriel. _922645 |
|
| 852 |
_aES-MaACL _jC-51612 _bR.69670 |
||
| 999 |
_c88549 _d88549 |
||